000
00253nam a22000977a 4500
999
_c
535636
_d
535636
082
_a
808.02 SHA
245
_a
Synopsis and Thesis Manual
_c
Waseema Shahzad
260
_a
Islamabad
_b
NUST
942
_2
ddc
_c
BK